000
00381nam a2200133Ia 4500
008
151001s9999||||xx |||||||||||||| ||und||
100
_a
दिनेश सिंह चौहान
245
_a
भगवान गौतम बुध्द
250
_a
1
260
_b
देवपुस्तक मंदिर
260
_c
2010
300
_a
60
365
_b
21
999
_c
995692
_d
995689